Lecciones de derecho penal

Salvato in:
Dettagli Bibliografici
Autori principali: Bustos Ramírez, Juan (Autore), Hormazábal Malarée, Hernán (Autore)
Natura: Libro
Lingua:spagnolo
Pubblicazione: Madrid Trotta 1997
Serie:Colección Estructuras y Procesos. Serie Derecho
Soggetti:
Tags: Aggiungi Tag
Nessun Tag, puoi essere il primo ad aggiungerne!!

MARC

LEADER 00000nam a2200000 a 4500
001 UCQ3359
003 CL-VaPUC
008 980821e19970000SP |||||||||||||||||spa|d
020 |a 8481641855 
020 |a 8481641863v.1 
020 |a 8481643378v.2 
082 0 4 |a 345  |b BUS  |2 21 
100 |a Bustos Ramírez, Juan  |e author  |9 295262 
700 |a Hormazábal Malarée, Hernán  |e author  |9 562878 
245 1 0 |a Lecciones de derecho penal 
300 |a v 
942 |c BK 
945 |d 19980821 00:00:00  |a aarredon 
260 |a Madrid  |b Trotta  |c 1997 
500 |a v.1: Fundamentos del sistema penal, esquema de la teoría del delito y del sujeto responsable y teoría de la determinación de la pena 
500 |a v.2: Teoría del delito, teoría del sujeto responsable y circunstancias del delito 
650 7 |a DERECHO PENAL  |2 CL-VaPUC  |9 11 
650 0 |a Pena de muerte  |9 256612 
650 7 |a FUENTES  |2 CL-VaPUC  |9 255666 
650 7 |a LEGALIDAD  |2 CL-VaPUC  |9 373473 
650 0 |a Responsabilidad penal  |9 254899 
650 0 |a Criminología  |9 256168 
650 0 |a Delito  |9 336975 
583 |a last modification  |c 19980821 00:00:00  |k Rodrigo Vera 
490 0 |a Colección Estructuras y Procesos. Serie Derecho 
999 |c 273947  |d 273945 
952 |0 0  |1 0  |4 0  |6 345_000000000000000_BUS_1997  |7 0  |8 A  |9 309942  |a BIBDER  |b BIBDER  |d 2019-11-20  |h v.2  |i 3846423  |o 345 BUS 1997  |p 3846423  |r 2023-01-25  |w 2019-11-20  |y BK  |k DER 
952 |0 0  |1 0  |4 0  |6 345_000000000000000_BUS_1997  |7 0  |8 A  |9 309943  |a BIBDER  |b BIBDER  |d 2019-11-20  |h v.1  |i 4008901  |o 345 BUS 1997  |p 4008901  |r 2023-01-25  |w 2019-11-20  |y BK  |k DER